000
00311nam a22001457a 4500
008
181122b xxu||||| |||| 00| 0 eng d
020
_a
2 nd
041
_a
eng
080
_a
616.12
082
_a
616.12
100
_a
7
101
_a
KAR
245
_a
Bedside Cardiology
_c
Constant Jules
942
_2
udc
_c
BK
999
_c
52367
_d
52367